000 01204cam a2200349 a 4500
001 562713
003 OSt
005 20140310182354.0
008 890315s1989 nyua j 000 0 eng
010 _a 89003968
020 _a0394865790 (pbk.) :
_c$2.95
020 _a9780394865799
040 _aDLC
_cDLC
_dDLC
_dOCoLC
_dDLC
042 _alcac
050 0 0 _aPZ 8.1
_b.H3Pi 1989
082 0 0 _aGS 398.210943
_bH298 1989
100 1 _aHautzig, Deborah.
_922282
245 1 4 _aThe pied piper of Hamelin /
_cDeborah Hautzig; illustrated by S.D. Schindler.
260 _aNew York :
_bRandom House,
_cc1989.
300 _a47 p. :
_bcol. ill. ;
_c23 cm.
490 1 _aStep into reading. A Step two book
541 _j1
562 _e1
650 0 _aPied Piper of Hamelin (Legendary character)
_vLegends.
_922283
650 1 _aPied Piper of Hamelin (Legendary character)
_vLegends.
_922284
650 _aPied Piper of Hamelin (Legendary character)
_922285
700 1 _aSchindler, S. D.,
_eill.
_922286
730 0 _aPied Piper of Hamelin.
_lEnglish.
_922287
830 0 _aStep into reading.
_pStep 2 book.
_922288
906 _a7
_bcbc
_corignew
_d1
_eocip
_f19
_gy-gencatlg
942 _2lcc
_cBK-GS
999 _c12452
_d12452